MyGZULibrary

The Oxfam handbook of development and relief : (Record no. 2301)

MARC details
000 -LEADER
fixed length control field 01273cam a2200325 a 4500
001 - CONTROL NUMBER
control field 2114894
003 - CONTROL NUMBER IDENTIFIER
control field GZU
005 - DATE AND TIME OF LATEST TRANSACTION
control field 20201028124751.0
008 - FIXED-LENGTH DATA ELEMENTS--GENERAL INFORMATION
fixed length control field 960603s1995 enk br 001 0 eng
010 ## - LIBRARY OF CONGRESS CONTROL NUMBER
LC control number 96155609
020 ## - INTERNATIONAL STANDARD BOOK NUMBER
International Standard Book Number 0855983094 (v. 3)
040 ## - CATALOGING SOURCE
Original cataloging agency DLC
Transcribing agency DLC
Modifying agency DLC
043 ## - GEOGRAPHIC AREA CODE
Geographic area code d------
050 00 - LIBRARY OF CONGRESS CALL NUMBER
Classification number HV544.5
Item number .OXF 1995
245 04 - TITLE STATEMENT
Title The Oxfam handbook of development and relief :
Remainder of title resources directory for development and relief NGOs.
246 30 - VARYING FORM OF TITLE
Title proper/short title Resources directory for development and relief NGOs
246 14 - VARYING FORM OF TITLE
Title proper/short title Oxfam handbook resources directory
260 ## - PUBLICATION, DISTRIBUTION, ETC.
Place of publication, distribution, etc. Oxford, UK :
Name of publisher, distributor, etc. Oxfam,
Date of publication, distribution, etc. c1995.
300 ## - PHYSICAL DESCRIPTION
Extent 216 p. ;
Dimensions 24 cm.
500 ## - GENERAL NOTE
General note Also issued as v. 3 of: The Oxfam handbook of development and relief / Deborah Eade and Suzanne Williams.
504 ## - BIBLIOGRAPHY, ETC. NOTE
Bibliography, etc. note Includes bibliographical references and indexes.
650 10 - SUBJECT ADDED ENTRY--TOPICAL TERM
Topical term or geographic name entry element International relief
General subdivision Directories.
650 #0 - SUBJECT ADDED ENTRY--TOPICAL TERM
Topical term or geographic name entry element Technical assistance
General subdivision Directories.
650 #0 - SUBJECT ADDED ENTRY--TOPICAL TERM
Topical term or geographic name entry element Social planning
Geographic subdivision Developing countries
General subdivision Directories.
650 #0 - SUBJECT ADDED ENTRY--TOPICAL TERM
Topical term or geographic name entry element Non-governmental organizations
General subdivision Directories.
710 2# - ADDED ENTRY--CORPORATE NAME
Corporate name or jurisdiction name as entry element Oxfam.
906 ## - LOCAL DATA ELEMENT F, LDF (RLIN)
a 7
b cbc
c orignew
d 2
e ncip
f 19
g y-gencatlg
942 ## - ADDED ENTRY ELEMENTS (KOHA)
Source of classification or shelving scheme Library of Congress Classification
Koha item type Books
Classification part 544.5
Item part OXF
Call number prefix HV
Holdings
Withdrawn status Lost status Source of classification or shelving scheme Damaged status Not for loan Collection code Home library Current library Shelving location Date acquired Total Checkouts Full call number Barcode Date last seen Copy number Price effective from Koha item type
    Library of Congress Classification     Non-fiction City Campus Library City Campus Library General Stacks 10/28/2020   HV544.5 OXF 1995 B015725 10/28/2020 c. 1 10/28/2020 Books